Odborné vzdelávanie po novele zákona

Informácia o zmenách v novom zákone o odbornom vzdelávaní.

Guardado en:
Detalles Bibliográficos
Autor principal: Matulková, Mariana
Formato: Capítulo de libro
Lenguaje:eslovaco
Materias:
Etiquetas: Agregar Etiqueta
Sin Etiquetas, Sea el primero en etiquetar este registro!

MARC

LEADER 00000naa a2200000 4500
001 0200537
005 20231120130446.2
041 0 |a slo 
044 |a SK 
245 1 0 |a Odborné vzdelávanie po novele zákona  |c Mariana Matulková 
520 |a Informácia o zmenách v novom zákone o odbornom vzdelávaní. 
610 2 0 |a novelizácia 
610 2 0 |a Slovensko 
610 2 0 |a zákony 
610 2 0 |a vzdelávanie 
610 2 0 |a školy odborné 
100 1 |a Matulková, Mariana